Conocimiento del medio : la transversalidad desde la coeducación : primer ciclo de Primaria

Gespeichert in:
Bibliographische Detailangaben
Format: Buch
Sprache:Spanisch
Erschienen: Madrid : Instituto de la Mujer : Ministerio de Educación y Ciencia, 1994
Katalog:MANES:  Suchergebnis im Bibliothekskatalog
Schulbuchspezifische Eigenschaften:
Schlagworte:
Tags: Tag hinzufügen
Keine Tags, Fügen Sie den ersten Tag hinzu!
Hinzugefügt zu:03.06.1996
Geändert in:07.05.2025

MARC

LEADER 00000cam a2200000 i 4500
005 20250507134445.0
008 960604s1994 espa fp 0000 0 spa d
020 |a 8477990948 
040 |a uned  |b spa  |c entro-manes 
245 0 0 |a Conocimiento del medio :   |b la transversalidad desde la coeducación : primer ciclo de Primaria 
260 |a Madrid :   |b Instituto de la Mujer :   |b Ministerio de Educación y Ciencia,  |c 1994 
300 |a 1 carpeta de anillas 
505 0 |a Contiene: Orientaciones didácticas para el profesorado - Materiales para el profesorado, Unidades 1-6 - Materiales para el profesorado, Unidades 7-12 - Material para el alumnado: Hojas de trabajo 
546 |a España 
561 |5 es-BUNED  |3 L.T.M. 1098  |a España. Fondo Manes UNED  |k MANES 
690 0 |a CS  |a CN 
650 7 |a Manual del docente  |9 36315 
691 0 |a PRI 
942 |2 ddc  |c BK 
999 |c 94902  |d 94902 
999 |c manes:94902  |d 94902